Normal view
MARC view
Entry Topical Term
001 - CONTROL NUMBER
- control field: 52669
003 - CONTROL NUMBER IDENTIFIER
- control field: OSt
005 - DATE AND TIME OF LATEST TRANSACTION
- control field: 20250505155658.0
008 - FIXED-LENGTH DATA ELEMENTS
- fixed length control field: 250505|| aca||aabn | a|a d
040 ## - CATALOGING SOURCE
- Original cataloging agency: OSt
- Transcribing agency: OSt
150 ## - HEADING--TOPICAL TERM
- Topical term or geographic name entry element: Professionalism, Ambition, theory, Public managers, Career path, Local government.
670 ## - SOURCE DATA FOUND
- Source citation: Work cat.: (OSt): Jung, Jiwoong 52668, Career paths and professionalism: Examining ICMA credentials among city managers
